Методика, техника, технология и экономическое обоснование направленного бурения скважин на месторождениях района работ ЗСГУ; Геология

Xehetasun bibliografikoak
Parent link:Геология.— 1973.— С. 193
Beste egile batzuk: Сулакшин С. С. Степан Степанович, Спиридонов Б. И., Рязанов В. И., Калиниченко Г. Л.
Hizkuntza:errusiera
Argitaratua: 1973
Gaiak:
Formatua: Liburu kapitulua
KOHA link:https://koha.lib.tpu.ru/cgi-bin/koha/opac-detail.pl?biblionumber=151975

MARC

LEADER 00000naa2a2200000 4500
001 151975
005 20231031150901.0
035 |a (RuTPU)RU\TPU\book\164798 
035 |a RU\TPU\tpu\14003 
090 |a 151975 
100 |a 20090128d1973 k y0rusy50 ca 
101 0 |a rus 
102 |a RU 
200 1 |a Методика, техника, технология и экономическое обоснование направленного бурения скважин на месторождениях района работ ЗСГУ  |f С. С. Сулакшин [и др.] 
463 0 |0 (RuTPU)RU\TPU\book\139279  |t Геология  |o материалы конференции, посвященные 75-летию института  |f Томский политехнический институт ; под ред. А. В. Аксарина  |v С. 193  |d 1973  |p 232 с. 
610 1 |a труды учёных ТПУ 
701 1 |a Сулакшин  |b С. С.  |c российский геолог  |c Заслуженный профессор Томского политехнического университета  |f 1919-  |g Степан Степанович  |2 stltpush  |3 (RuTPU)RU\TPU\pers\13908 
701 1 |a Спиридонов  |b Б. И. 
701 1 |a Рязанов  |b В. И. 
701 1 |a Калиниченко  |b Г. Л. 
801 1 |a RU  |b 63413507  |c 20080228  |g PSBO 
801 2 |a RU  |b 63413507  |c 20090128  |g PSBO 
942 |c BK